RURAL household studies in Asia

Bibliographic Details
Other Authors: Binswanger
Format: Book
Published: Singapore : Singapore University Press , 1980
Subjects:

MARC

LEADER 00000cam a2200000 7i4500
001 0000002748
005 20040105.0
090 0 0 |a 307.72095   |b RUR 1980 
245 0 0 |a RURAL household studies in Asia   |c edited by Hans P. Binswanger ... (et al.) 
260 0 0 |a Singapore :   |b Singapore University Press ,   |c 1980 
300 |a 369 p. ;   |c 22 cm. 
650 0 0 |a Home economics, Rura   |z Asia 
651 0 0 |a Asia   |x Rural conditions 
700 0 1 |a Binswanger   |h Hans P. 
998 |a JPSM 
999 |a 0000004433   |b Monograph   |c Open Shelf   |e Default branch